Statistieken voor Willekeurige Europese Hoofdsteden op de Kaart

Klik hier om de quiz te nemen!

Algemene statistieken

  • Deze quiz is 3.129 keer genomen
  • De gemiddelde score is 9 van 12

Antwoorden op de kaart

Antwoorden kleurgecodeerd door een groen-rode schaal op de quizkaart volgens % correct hieronder.
 

Antwoordstatistieken

Hoofdstad% Correct
Amsterdam
99%
Brussel
99%
Londen
98%
Parijs
98%
Madrid
97%
Rome | Vaticaanstad
97%
Berlijn
96%
Luxemburg
96%
Lissabon
94%
Oslo
94%
Dublin
91%
Moskou
90%
Athene
89%
Kiev
88%
Monaco
88%
Stockholm
88%
Kopenhagen
87%
Praag
86%
Bern
83%
Helsinki
83%
Warschau
82%
Wenen
82%
Reykjavik
78%
San Marino
77%
Zagreb
68%
Minsk
66%
Boekarest
64%
Sofia
64%
Boedapest
59%
Riga
59%
Tallinn
56%
Andorra la Vella
53%
Ljubljana
51%
Valletta
51%
Vilnius
51%
Belgrado
50%
Sarajevo
49%
Bratislava
47%
Skopje
47%
Tirana
45%
Vaduz
43%
Chisinau
34%
Podgorica
31%
Pristina
29%

Scoreverdeling

Percentiel versus Aantal Correcte Antwoorden

Procent van Mensen met Elke Score

Uw Scoregeschiedenis

U heeft deze quiz nog niet genomen